00556nam a2200193 a 4500001001300000003000900013005001700022008004100039020002500080082001500105100003000120245004100150260004400191300000900235500003500244505003300279650002000312700003000332nice12345678IN_TiNIC20260116013646.0050524s1991 lona grp 000 0 eng  a0195581 c427.500a212.7bZAG aZagzebski, Linda Trinkaus aDilemma of Freedom and Foreknowledge aLondan bOxford University Press c1991 a215p aincludes index and biblioraphy2 aSelected Bibliography, Index aGod-Omniscience1 aZagzebski, Linda Trinkaus